LEADER 01151nlm0 22003371i 450 001 990009825890403321 005 20140220084808.0 010 $a9781118281796$bonline 035 $a000982589 035 $aFED01000982589 035 $a(Aleph)000982589FED01 035 $a000982589 100 $a20140220d2012----km-y0itay0103----ba 101 0 $aeng 135 $adrnn-008mamaa 200 1 $aEvidence-based geriatric medicine$bRisorsa elettronica$ea practical clinical guide$fedited by Jayna M. Holroyd-Leduc and Madhuri Reddy 210 $aChichester, West Sussex, UK$cBMJ Books$d2012 225 1 $aEvidence-Based MedicineEvidence-Based Medicine 230 $aDocumento elettronico 336 $aTesto 337 $aFormato pdf 676 $a618.97 702 1$aHolroyd-Leduc,$bJayna M.$f<1970- > 702 1$aReddy,$bMadhuri$f<1972- > 801 0$aIT$bUNINA$gREICAT$2UNIMARC 856 4 $zFull text per gli utenti Federico II$uhttp://onlinelibrary.wiley.com/book/10.1002/9781118281796 901 $aEB 912 $a990009825890403321 961 $aGeriatric Medicine 996 $aEvidence-based geriatric medicine$9836096 997 $aUNINA LEADER 01202nam--2200409---450- 001 990000834640203316 005 20050112111209.0 035 $a0083464 035 $aUSA010083464 035 $a(ALEPH)000083464USA01 035 $a0083464 100 $a20020103d1985----km-y0itay0103----ba 101 $aita 102 $aIT 105 $a||||||||001yy 200 1 $aLeyla e Majnun$fNezamj$ga cura di Giovanna Calasso 210 $aMilano$cAdelphi$dc1985 215 $a205 p., 4 c. di tav.$cill.$d22 cm 225 2 $aBiblioteca Adelphi$v162 300 $aTrad. di Giovanna Calasso 312 $aLaylà va Majnun 410 $12001$aBiblioteca Adelphi$v162 454 $12001$aLaylà va Majnun$940106 676 $a891.55 700 1$aNIZAMJ$0550967 702 1$aCALASSO,$bGiovanna 801 0$aIT$bsalbc$gISBD 912 $a990000834640203316 951 $aVIII.2.A. 43(VARIE COLL. 87/162)$b130626 LM$cVARIE COLL. 959 $aBK 969 $aUMA 979 $aPATTY$b90$c20020103$lUSA01$h1110 979 $c20020403$lUSA01$h1729 979 $aPATRY$b90$c20040406$lUSA01$h1657 979 $aCOPAT3$b90$c20050112$lUSA01$h1112 996 $aLaylà va Majnun$940106 997 $aUNISA